[Event "Gatineau Fischer mem."]
[Site "Gatineau CAN"]
[Date "2009.01.27"]
[Round "2"]
[White "Brousseau, Yvan"]
[Black "Van Dusen, Eric"]
[Result "0-1"]
[WhiteElo "2050"]
[BlackElo "1831"]
[PlyCount "138"]
[GameId "2160767910273231"]
[EventDate "2009.01.20"]
[EventType "swiss"]
[EventRounds "6"]
[EventCountry "CAN"]
[SourceTitle "EXT 2011"]
[Source "ChessBase"]
[SourceDate "2011.11.26"]
[SourceVersion "1"]
[SourceVersionDate "2011.11.26"]
[SourceQuality "1"]

1. f4 g6 2. Nf3 Bg7 3. e3 d6 4. d4 c5 5. c3 Nd7 6. Bc4 e6 7. O-O a6 8. a4 b6 9. e4 Ne7 10. Be3 Bb7 11. Bd3 Nf6 12. Qc2 Ng4 13. Bd2 Rc8 14. dxc5 bxc5 15. Na3 d5 16. exd5 exd5 17. h3 Nh6 18. Rae1 O-O 19. Qd1 Nhf5 20. Kh2 Qc7 21. g4 Nd6 22. Qe2 Rce8 23. Qf2 Ne4 24. Bxe4 dxe4 25. Ng5 Nc8 26. h4 f5 27. gxf5 Rxf5 28. Be3 h6 29. Nh3 Ref8 30. Qg3 Ne7 31. Nc4 Bc8 32. Rd1 Rh5 33. Nd6 Nf5 34. Nxf5 Bxf5 35. Rd5 Bxh3 36. Rxh5 Bxf1 37. Qxg6 Qf7 38. Qg4 Qc4 39. Rxh6 Qe2+ 40. Qxe2 Bxe2 41. Rc6 Rb8 42. Bc1 Bf8 43. Kg3 Rb7 44. f5 Rg7+ 45. Bg5 Bd1 46. Rxa6 e3 47. Re6 e2 48. Kf2 Rb7 49. a5 Rxb2 50. a6 Ra2 51. h5 Ra3 52. Rg6+ Kh7 53. Bd2 c4 54. Rc6 Ra5 55. Rc7+ Kg8 56. a7 Rxf5+ 57. Kg2 Ra5 58. Kf2 Rxa7 59. Rxc4 Rf7+ 60. Kg2 Re7 61. Kf2 Bh6 62. Be1 Rf7+ 63. Kg2 Rf1 64. Bg3 Be3 65. Bh4 Rg1+ 66. Kh2 Rg7 67. Re4 Bg1+ 68. Kh1 e1=Q 69. Rxe1 Bf3# 0-1

[Event "Gatineau Fischer mem."]
[Site "Gatineau CAN"]
[Date "2009.01.27"]
[Round "2"]
[White "Desjardins, Michel"]
[Black "Scantland, Patrick"]
[Result "1-0"]
[WhiteElo "1944"]
[BlackElo "1715"]
[PlyCount "61"]
[GameId "2160767910273232"]
[EventDate "2009.01.20"]
[EventType "swiss"]
[EventRounds "6"]
[EventCountry "CAN"]
[SourceTitle "EXT 2011"]
[Source "ChessBase"]
[SourceDate "2011.11.26"]
[SourceVersion "1"]
[SourceVersionDate "2011.11.26"]
[SourceQuality "1"]

1. e4 c5 2. Nc3 d6 3. g3 g6 4. Bg2 Nc6 5. d3 Bg7 6. Be3 e6 7. Qd2 h5 8. Nf3 Nge7 9. O-O Nd4 10. Bxd4 cxd4 11. Nb5 Nc6 12. c3 dxc3 13. bxc3 a6 14. Na3 Rb8 15. d4 b5 16. Nc2 O-O 17. a4 bxa4 18. Rxa4 Rb2 19. Qd3 Qb6 20. Ne3 Rb3 21. Nd2 Nb4 22. Qc4 Rb2 23. Rxb4 Rxb4 24. Qxb4 Qxb4 25. cxb4 Bxd4 26. Ndc4 Rd8 27. Rd1 e5 28. Nc2 Be6 29. Nxd4 Bxc4 30. Nc6 Ra8 31. Rxd6 1-0

[Event "Gatineau Fischer mem."]
[Site "Gatineau CAN"]
[Date "2009.01.27"]
[Round "2"]
[White "Duret, Serge"]
[Black "Cossette, Daniel"]
[Result "0-1"]
[WhiteElo "990"]
[BlackElo "2063"]
[PlyCount "44"]
[GameId "2160767910273233"]
[EventDate "2009.01.20"]
[EventType "swiss"]
[EventRounds "6"]
[EventCountry "CAN"]
[SourceTitle "EXT 2011"]
[Source "ChessBase"]
[SourceDate "2011.11.26"]
[SourceVersion "1"]
[SourceVersionDate "2011.11.26"]
[SourceQuality "1"]

1. e4 c5 2. Nf3 Nc6 3. d4 cxd4 4. Nxd4 Nf6 5. Nc3 g6 6. Bc4 Bg7 7. Be3 O-O 8. Qd2 Ng4 9. f3 Nxe3 10. Qxe3 Bxd4 11. Qd2 d6 12. O-O-O Be6 13. Bb3 Bxb3 14. axb3 Bg7 15. Nd5 e6 16. Nf4 Qf6 17. c3 Bh6 18. g3 e5 19. Qxd6 Qxd6 20. Rxd6 exf4 21. gxf4 Bxf4+ 22. Kb1 Bxd6 0-1

[Event "Gatineau Fischer mem."]
[Site "Gatineau CAN"]
[Date "2009.01.27"]
[Round "2"]
[White "Guimond, Michel"]
[Black "Thibault, David"]
[Result "1/2-1/2"]
[WhiteElo "1895"]
[BlackElo "1665"]
[PlyCount "60"]
[GameId "2160767910273234"]
[EventDate "2009.01.20"]
[EventType "swiss"]
[EventRounds "6"]
[EventCountry "CAN"]
[SourceTitle "EXT 2011"]
[Source "ChessBase"]
[SourceDate "2011.11.26"]
[SourceVersion "1"]
[SourceVersionDate "2011.11.26"]
[SourceQuality "1"]

1. e4 e5 2. Bc4 Nc6 3. a3 Nf6 4. Nc3 Bc5 5. d3 h6 6. Na4 Be7 7. Nc3 a6 8. Be3 d6 9. h3 O-O 10. Qd2 Kh7 11. Nge2 b5 12. Ba2 b4 13. axb4 Nxb4 14. Bb3 Bb7 15. f4 Nh5 16. O-O-O exf4 17. Nxf4 Nxf4 18. Bxf4 a5 19. h4 d5 20. g4 dxe4 21. dxe4 Qxd2+ 22. Rxd2 a4 23. Bxa4 Bf6 24. e5 Bxe5 25. Bxe5 Bxh1 26. b3 Na6 27. g5 f6 28. gxf6 gxf6 29. Bf4 Rf7 30. Bd7 h5 1/2-1/2

[Event "Gatineau Fischer mem."]
[Site "Gatineau CAN"]
[Date "2009.01.27"]
[Round "2"]
[White "Jani, Louis"]
[Black "Laurin, Jacques"]
[Result "0-1"]
[WhiteElo "1398"]
[BlackElo "1829"]
[PlyCount "110"]
[GameId "2160767910273235"]
[EventDate "2009.01.20"]
[EventType "swiss"]
[EventRounds "6"]
[EventCountry "CAN"]
[SourceTitle "EXT 2011"]
[Source "ChessBase"]
[SourceDate "2011.11.26"]
[SourceVersion "1"]
[SourceVersionDate "2011.11.26"]
[SourceQuality "1"]

1. f4 Nf6 2. Nf3 e6 3. e3 b6 4. Be2 Bb7 5. O-O Na6 6. b3 Nc5 7. Bb2 Be7 8. Nc3 d5 9. d4 Ncd7 10. Ne5 a6 11. Bd3 g6 12. Qf3 c5 13. Qh3 Qc7 14. Rf3 Ne4 15. Bxe4 dxe4 16. Rg3 Nxe5 17. fxe5 O-O-O 18. Ne2 Kb8 19. Rf1 Bf8 20. Rg4 Bc6 21. Rgf4 Rd7 22. c3 h5 23. R4f2 g5 24. g4 h4 25. c4 Bg7 26. Ba1 Re7 27. Rd1 Rd8 28. Qf1 Be8 29. h3 Red7 30. Qg2 Bxe5 31. Qxe4 Bg3 32. Nxg3 Qxg3+ 33. Rg2 Qd6 34. d5 Qe7 35. Be5+ Ka7 36. d6 Rxd6 37. Bxd6 Rxd6 38. Rgd2 Rxd2 39. Rxd2 Qc7 40. Qf3 Bc6 41. Qf2 f5 42. gxf5 exf5 43. Qh2 Qe7 44. Kf2 Qe4 45. Qc7+ Bb7 46. Qh2 Qf3+ 47. Ke1 Qxe3+ 48. Qe2 Qg3+ 49. Qf2 Qxh3 50. Rd7 Qc3+ 51. Rd2 f4 52. Qg1 Qc1+ 53. Rd1 Qc3+ 54. Rd2 h3 55. Kd1 Qa1+ 0-1

[Event "Gatineau Fischer mem."]
[Site "Gatineau CAN"]
[Date "2009.01.27"]
[Round "2"]
[White "Jiang, Qizhe"]
[Black "Danilov, Alex"]
[Result "0-1"]
[WhiteElo "1026"]
[BlackElo "1850"]
[PlyCount "56"]
[GameId "2160767910273236"]
[EventDate "2009.01.20"]
[EventType "swiss"]
[EventRounds "6"]
[EventCountry "CAN"]
[SourceTitle "EXT 2011"]
[Source "ChessBase"]
[SourceDate "2011.11.26"]
[SourceVersion "1"]
[SourceVersionDate "2011.11.26"]
[SourceQuality "1"]

1. e4 c5 2. Nf3 Nc6 3. Bc4 e6 4. Nc3 a6 5. a3 Nge7 6. d4 cxd4 7. Nxd4 Nxd4 8. Qxd4 b5 9. Bb3 Nc6 10. Qd3 Bb7 11. Be3 Be7 12. Qd2 O-O 13. O-O-O d6 14. Rdg1 Rc8 15. f4 Na5 16. Qf2 Nc4 17. Bxc4 Rxc4 18. Bb6 Qa8 19. Re1 Rfc8 20. Qf3 d5 21. exd5 Bxa3 22. Ba5 b4 23. bxa3 Rxc3 24. Re3 Rxc2+ 25. Kb1 Bxd5 26. Qd1 Qc6 27. Ree1 Qc4 28. axb4 Qa2# 0-1

[Event "Gatineau Fischer mem."]
[Site "Gatineau CAN"]
[Date "2009.01.27"]
[Round "2"]
[White "Lacourse, Guy"]
[Black "Sabourin, Yves"]
[Result "1-0"]
[WhiteElo "1576"]
[BlackElo "1395"]
[PlyCount "53"]
[GameId "2160767910273237"]
[EventDate "2009.01.20"]
[EventType "swiss"]
[EventRounds "6"]
[EventCountry "CAN"]
[SourceTitle "EXT 2011"]
[Source "ChessBase"]
[SourceDate "2011.11.26"]
[SourceVersion "1"]
[SourceVersionDate "2011.11.26"]
[SourceQuality "1"]

1. d4 d5 2. c4 e6 3. Nc3 Nf6 4. Bg5 Be7 5. e3 O-O 6. Nf3 Nbd7 7. Rc1 b6 8. cxd5 exd5 9. Bd3 Bb7 10. O-O a5 11. Re1 c6 12. Bb1 b5 13. Qc2 b4 14. Ne5 g6 15. Na4 Nxe5 16. dxe5 Nd7 17. Bf4 Re8 18. Bg3 Rc8 19. f4 c5 20. b3 Nb6 21. Nxb6 Qxb6 22. f5 c4 23. e6 Bg5 24. exf7+ Kxf7 25. fxg6+ Qxg6 26. Qb2 c3 27. Bxg6+ 1-0

[Event "Gatineau Fischer mem."]
[Site "Gatineau CAN"]
[Date "2009.01.27"]
[Round "2"]
[White "Libersan, Mattieu"]
[Black "Groleau, Gilles"]
[Result "1-0"]
[WhiteElo "1840"]
[BlackElo "1959"]
[PlyCount "49"]
[GameId "2160767910273238"]
[EventDate "2009.01.20"]
[EventType "swiss"]
[EventRounds "6"]
[EventCountry "CAN"]
[SourceTitle "EXT 2011"]
[Source "ChessBase"]
[SourceDate "2011.11.26"]
[SourceVersion "1"]
[SourceVersionDate "2011.11.26"]
[SourceQuality "1"]

1. e4 c5 2. Nf3 e6 3. d4 cxd4 4. Nxd4 Nf6 5. Nc3 d6 6. Bc4 Be7 7. Be3 O-O 8. Qe2 a6 9. O-O-O b5 10. Bb3 b4 11. e5 bxc3 12. exf6 cxb2+ 13. Kxb2 Bxf6 14. g4 Bb7 15. Rhg1 Nc6 16. g5 Bxd4+ 17. Bxd4 Nxd4 18. Rxd4 Qb6 19. Rh4 g6 20. Rg3 Kg7 21. Qg4 e5 22. Rgh3 Rh8 23. Qd7 Raf8 24. Qe7 h5 25. Qf6+ 1-0

[Event "Gatineau Fischer mem."]
[Site "Gatineau CAN"]
[Date "2009.01.27"]
[Round "2"]
[White "Matte, Martin"]
[Black "Huard, Martin"]
[Result "0-1"]
[WhiteElo "1650"]
[BlackElo "1302"]
[PlyCount "46"]
[GameId "2160767910273239"]
[EventDate "2009.01.20"]
[EventType "swiss"]
[EventRounds "6"]
[EventCountry "CAN"]
[SourceTitle "EXT 2011"]
[Source "ChessBase"]
[SourceDate "2011.11.26"]
[SourceVersion "1"]
[SourceVersionDate "2011.11.26"]
[SourceQuality "1"]

1. d4 d5 2. Nc3 Nc6 3. Bf4 Bf5 4. a3 a6 5. e3 Nf6 6. Bd3 Bxd3 7. Qxd3 e6 8. Nf3 Bd6 9. Ne5 Bxe5 10. Bxe5 O-O 11. Bxf6 Qxf6 12. O-O-O b5 13. Na2 Rfb8 14. c3 Na5 15. b4 Nc4 16. f4 Nxa3 17. Kd2 Nc4+ 18. Ke2 Nb2 19. Qc2 Nxd1 20. Qxd1 Qf5 21. h3 Qe4 22. g4 Qg2+ 23. Kd3 Qxa2 0-1

[Event "Gatineau Fischer mem."]
[Site "Gatineau CAN"]
[Date "2009.01.27"]
[Round "2"]
[White "Thibault, Mario"]
[Black "Labelle, Raymond"]
[Result "1-0"]
[WhiteElo "1632"]
[BlackElo "1353"]
[PlyCount "55"]
[GameId "2160767910273240"]
[EventDate "2009.01.20"]
[EventType "swiss"]
[EventRounds "6"]
[EventCountry "CAN"]
[SourceTitle "EXT 2011"]
[Source "ChessBase"]
[SourceDate "2011.11.26"]
[SourceVersion "1"]
[SourceVersionDate "2011.11.26"]
[SourceQuality "1"]

1. Nf3 Nc6 2. b3 e5 3. Bb2 d6 4. e4 Bg4 5. Be2 Nf6 6. d3 Be7 7. O-O O-O 8. Nc3 Re8 9. Nd2 Bxe2 10. Nxe2 Qd7 11. f4 Ng4 12. Rf3 exf4 13. Nxf4 Nce5 14. Rh3 Bf6 15. d4 Bg5 16. Qf1 Ng6 17. Nxg6 Be3+ 18. Kh1 Nf2+ 19. Qxf2 Bxf2 20. Nf4 Qg4 21. Rf3 Bh4 22. Raf1 Bf6 23. h3 Qd7 24. Nd5 Re6 25. Rf5 Rf8 26. c4 g6 27. Rxf6 Rxf6 28. Nxf6+ 1-0

[Event "Gatineau Fischer mem."]
[Site "Gatineau CAN"]
[Date "2009.02.03"]
[Round "3"]
[White "Cossette, Daniel"]
[Black "Thibault, David"]
[Result "1-0"]
[WhiteElo "2063"]
[BlackElo "1665"]
[PlyCount "55"]
[GameId "2160767910273241"]
[EventDate "2009.01.20"]
[EventType "swiss"]
[EventRounds "6"]
[EventCountry "CAN"]
[SourceTitle "EXT 2011"]
[Source "ChessBase"]
[SourceDate "2011.11.26"]
[SourceVersion "1"]
[SourceVersionDate "2011.11.26"]
[SourceQuality "1"]

1. e4 e5 2. Nf3 Nc6 3. d4 exd4 4. c3 d6 5. cxd4 Bg4 6. Bc4 h6 7. Qb3 Qd7 8. Bxf7+ Qxf7 9. Qxb7 Rd8 10. Qxc6+ Rd7 11. Nbd2 Be7 12. O-O Qg6 13. Kh1 Qf7 14. Re1 Bg5 15. Qc4 Qh5 16. Ng1 Ne7 17. f3 d5 18. fxg4 dxc4 19. gxh5 Bxd2 20. Bxd2 Rxd4 21. Bc3 Rd6 22. Rad1 Re6 23. Bxg7 Rg8 24. Bd4 Rg5 25. Nf3 Rxh5 26. a3 c5 27. Bc3 Ng6 28. Rd5 1-0

[Event "Gatineau Fischer mem."]
[Site "Gatineau CAN"]
[Date "2009.02.03"]
[Round "3"]
[White "Danilov, Alex"]
[Black "Desjardins, Michel"]
[Result "0-1"]
[WhiteElo "1850"]
[BlackElo "1944"]
[PlyCount "76"]
[GameId "2160767910273242"]
[EventDate "2009.01.20"]
[EventType "swiss"]
[EventRounds "6"]
[EventCountry "CAN"]
[SourceTitle "EXT 2011"]
[Source "ChessBase"]
[SourceDate "2011.11.26"]
[SourceVersion "1"]
[SourceVersionDate "2011.11.26"]
[SourceQuality "1"]

1. e4 d5 2. exd5 Qxd5 3. d4 e5 4. Nc3 Bb4 5. a3 Ba5 6. b4 Qxd4 7. Qxd4 exd4 8. Nd5 Bb6 9. Bf4 c6 10. Nxb6 axb6 11. Nf3 c5 12. Bd6 cxb4 13. Bxb4 Nc6 14. Bb5 Bd7 15. Bxc6 bxc6 16. Bd6 O-O-O 17. Be5 f6 18. Bxd4 c5 19. Be3 Bc6 20. O-O Bxf3 21. gxf3 Ne7 22. Rab1 Nd5 23. Bd2 c4 24. Be3 Kc7 25. Bd4 Ra8 26. Rfd1 Rxa3 27. Rb5 Nc3 28. Bxc3 Rxc3 29. Rbd5 Rb8 30. Rd7+ Kc6 31. R1d6+ Kc5 32. Rd5+ Kb4 33. Rd2 Ka3 34. Rxg7 Kb2 35. Rxh7 Rxc2 36. Rd6 b5 37. Rf7 c3 38. h4 Rd2 0-1

[Event "Gatineau Fischer mem."]
[Site "Gatineau CAN"]
[Date "2009.02.03"]
[Round "3"]
[White "Duret, Serge"]
[Black "Beriault, Silvain"]
[Result "0-1"]
[WhiteElo "990"]
[BlackElo "1688"]
[PlyCount "56"]
[GameId "2160767910273243"]
[EventDate "2009.01.20"]
[EventType "swiss"]
[EventRounds "6"]
[EventCountry "CAN"]
[SourceTitle "EXT 2011"]
[Source "ChessBase"]
[SourceDate "2011.11.26"]
[SourceVersion "1"]
[SourceVersionDate "2011.11.26"]
[SourceQuality "1"]

1. e4 c5 2. Nf3 Nc6 3. d4 cxd4 4. Nxd4 Nf6 5. Nc3 d6 6. Bc4 a6 7. a4 e6 8. f3 Be7 9. Be3 Bd7 10. Nxc6 Bxc6 11. Qd2 Rc8 12. O-O-O O-O 13. Bb3 Qa5 14. h4 Rfd8 15. g4 b5 16. h5 bxa4 17. Ba2 a3 18. bxa3 Qxa3+ 19. Kb1 Rb8+ 20. Bb3 a5 21. g5 Nd7 22. g6 Nc5 23. h6 fxg6 24. hxg7 Nxb3 25. cxb3 Rxb3+ 26. Kc2 Rb2+ 27. Kd3 Bb5+ 28. Kd4 Qb4# 0-1

[Event "Gatineau Fischer mem."]
[Site "Gatineau CAN"]
[Date "2009.02.03"]
[Round "3"]
[White "Gagnon, Fabien"]
[Black "Libersan, Mattieu"]
[Result "1-0"]
[WhiteElo "1900"]
[BlackElo "1846"]
[PlyCount "117"]
[GameId "2160767910273244"]
[EventDate "2009.01.20"]
[EventType "swiss"]
[EventRounds "6"]
[EventCountry "CAN"]
[SourceTitle "EXT 2011"]
[Source "ChessBase"]
[SourceDate "2011.11.26"]
[SourceVersion "1"]
[SourceVersionDate "2011.11.26"]
[SourceQuality "1"]

1. e4 c5 2. Nf3 Nc6 3. d4 cxd4 4. Nxd4 Nf6 5. Nc3 e5 6. Ndb5 d6 7. Bg5 a6 8. Na3 b5 9. Nd5 Be7 10. Bxf6 Bxf6 11. c3 O-O 12. Be2 Bg5 13. O-O f5 14. exf5 Bxf5 15. Nc2 Ne7 16. a4 Rb8 17. axb5 axb5 18. Ncb4 Qd7 19. Ra6 Ng6 20. Ne3 Bxe3 21. fxe3 Rbd8 22. Qd5+ Be6 23. Rxf8+ Rxf8 24. Qxd6 Qxd6 25. Rxd6 Bc4 26. Bxc4+ bxc4 27. Nc6 Ra8 28. Rd8+ Rxd8 29. Nxd8 e4 30. Nc6 Kf7 31. Nd4 Ne5 32. h3 Nd3 33. b4 cxb3 34. Nxb3 Ke6 35. c4 Nb2 36. Nd2 Ke5 37. Kf1 Nd3 38. Ke2 Nc5 39. Nb1 Nd3 40. Kd2 g5 41. Nc3 h5 42. Ke2 h4 43. Nd1 Kd6 44. Nc3 Ke5 45. Na4 Kd6 46. Kd2 Ke5 47. Nc3 Nc5 48. Nd1 Nd3 49. Ke2 Nc5 50. Nf2 Nb3 51. Kd1 Nc5 52. Kc2 Nb7 53. Kc3 Nd6 54. Ng4+ Kf5 55. Kd4 Ke6 56. Nf2 Kf5 57. Kd5 Nf7 58. Ng4 Nd8 59. c5 1-0

[Event "Gatineau Fischer mem."]
[Site "Gatineau CAN"]
[Date "2009.02.03"]
[Round "3"]
[White "Groleau, Gilles"]
[Black "Menard, Marc"]
[Result "1/2-1/2"]
[WhiteElo "1959"]
[BlackElo "1529"]
[PlyCount "90"]
[GameId "2160767910273245"]
[EventDate "2009.01.20"]
[EventType "swiss"]
[EventRounds "6"]
[EventCountry "CAN"]
[SourceTitle "EXT 2011"]
[Source "ChessBase"]
[SourceDate "2011.11.26"]
[SourceVersion "1"]
[SourceVersionDate "2011.11.26"]
[SourceQuality "1"]

1. e4 e5 2. Nf3 Nc6 3. Bb5 Nf6 4. Qe2 d6 5. O-O a6 6. Ba4 Be7 7. c3 O-O 8. d3 Bg4 9. h3 Bh5 10. g4 Bg6 11. Nh4 Nd7 12. Nf5 Bxf5 13. gxf5 g6 14. Bh6 Re8 15. f4 exf4 16. fxg6 hxg6 17. Bxf4 Bg5 18. Qg4 Bxf4 19. Qxf4 Qe7 20. Bb3 Rf8 21. Nd2 Nc5 22. Bc2 Rae8 23. d4 Ne6 24. Qg3 Qg5 25. Qxg5 Nxg5 26. h4 Nh7 27. Rf2 Kg7 28. Raf1 Nd8 29. Kh2 Re6 30. Nf3 Rf6 31. d5 c6 32. c4 b5 33. b3 cxd5 34. cxd5 Nb7 35. e5 dxe5 36. Kg3 Nd6 37. Nxe5 Rxf2 38. Rxf2 Nf6 39. Rxf6 Kxf6 40. Nd7+ Ke7 41. Nxf8 Kxf8 42. Kf4 Ke7 43. Kg5 b4 44. Bd3 a5 45. Bc2 Nb5 1/2-1/2

[Event "Gatineau Fischer mem."]
[Site "Gatineau CAN"]
[Date "2009.02.03"]
[Round "3"]
[White "Huard, Martin"]
[Black "Guimond, Michel"]
[Result "0-1"]
[WhiteElo "1302"]
[BlackElo "1895"]
[PlyCount "74"]
[GameId "2160767910273246"]
[EventDate "2009.01.20"]
[EventType "swiss"]
[EventRounds "6"]
[EventCountry "CAN"]
[SourceTitle "EXT 2011"]
[Source "ChessBase"]
[SourceDate "2011.11.26"]
[SourceVersion "1"]
[SourceVersionDate "2011.11.26"]
[SourceQuality "1"]

1. e4 c5 2. Nf3 d6 3. Bb5+ Bd7 4. Bxd7+ Nxd7 5. d3 g6 6. Bd2 Bg7 7. Bc3 Ngf6 8. Nbd2 b5 9. a3 a5 10. e5 dxe5 11. Nxe5 Nd5 12. Nxd7 Nxc3 13. bxc3 Qxd7 14. Ne4 f5 15. O-O fxe4 16. dxe4 Qxd1 17. Rfxd1 O-O 18. Rd3 b4 19. a4 Bxc3 20. Rad1 Bd4 21. Rf3 Rad8 22. Kf1 e5 23. Ke2 c4 24. h3 Kg7 25. g4 Rxf3 26. Kxf3 Rf8+ 27. Kg3 Rxf2 28. Rxd4 exd4 29. Kxf2 d3 30. Ke3 dxc2 31. Kd2 b3 32. h4 Kf6 33. e5+ Kxe5 34. h5 Kd4 35. hxg6 c3+ 36. Kc1 Kd3 37. gxh7 b2# 0-1

[Event "Gatineau Fischer mem."]
[Site "Gatineau CAN"]
[Date "2009.02.03"]
[Round "3"]
[White "Lacourse, Guy"]
[Black "Brousseau, Yvan"]
[Result "1-0"]
[WhiteElo "1576"]
[BlackElo "2050"]
[PlyCount "85"]
[GameId "2160767910273248"]
[EventDate "2009.01.20"]
[EventType "swiss"]
[EventRounds "6"]
[EventCountry "CAN"]
[SourceTitle "EXT 2011"]
[Source "ChessBase"]
[SourceDate "2011.11.26"]
[SourceVersion "1"]
[SourceVersionDate "2011.11.26"]
[SourceQuality "1"]

1. c4 b6 2. d4 Bb7 3. Nc3 Nf6 4. Bg5 h6 5. Bxf6 exf6 6. e3 Be7 7. Nf3 O-O 8. Bd3 Nc6 9. Rc1 Nb4 10. Be2 d6 11. a3 Nc6 12. O-O Qd7 13. Nd2 f5 14. Bf3 Na5 15. Bxb7 Nxb7 16. Qa4 Qxa4 17. Nxa4 c5 18. Nc3 cxd4 19. exd4 Bf6 20. Nf3 g6 21. Nd5 Bg7 22. b4 Kh7 23. h4 Rac8 24. Rfe1 Rfe8 25. Rxe8 Rxe8 26. Kf1 Re4 27. c5 dxc5 28. bxc5 bxc5 29. dxc5 Kg8 30. c6 Nd6 31. Rb1 Re8 32. c7 Kf8 33. Rb8 Nc8 34. a4 Ba1 35. a5 f6 36. Nb6 axb6 37. axb6 Ke7 38. Rxc8 Rxc8 39. b7 Rxc7 40. b8=Q Rc1+ 41. Ke2 g5 42. Qa7+ Kf8 43. Qa3+ 1-0

[Event "Gatineau Fischer mem."]
[Site "Gatineau CAN"]
[Date "2009.02.03"]
[Round "3"]
[White "Lavergne, Daniel"]
[Black "Jiang, Qizhe"]
[Result "1-0"]
[WhiteElo "1624"]
[BlackElo "1026"]
[PlyCount "79"]
[GameId "2160767910273249"]
[EventDate "2009.01.20"]
[EventType "swiss"]
[EventRounds "6"]
[EventCountry "CAN"]
[SourceTitle "EXT 2011"]
[Source "ChessBase"]
[SourceDate "2011.11.26"]
[SourceVersion "1"]
[SourceVersionDate "2011.11.26"]
[SourceQuality "1"]

1. Nf3 Nc6 2. d4 d5 3. e3 a6 4. c4 e6 5. Nc3 Nf6 6. Ne5 Bd6 7. Nxc6 bxc6 8. c5 Be7 9. f4 O-O 10. Bd3 a5 11. g4 e5 12. f5 e4 13. Be2 h6 14. h4 Nh7 15. g5 hxg5 16. Bg4 gxh4 17. Bh3 Bg5 18. Qg4 Qf6 19. Rf1 g6 20. Qg2 Bxf5 21. Bxf5 gxf5 22. Bd2 Kh8 23. Qh3 Rg8 24. Rxf5 Qe6 25. Qf1 f6 26. O-O-O Rab8 27. Ne2 a4 28. Rf2 Ra8 29. Nf4 Bxf4 30. Rxf4 Rg4 31. Qh3 f5 32. Rxg4 fxg4 33. Qxh4 Qg6 34. Be1 Rf8 35. Bg3 Qg7 36. Be5 Qxe5 37. dxe5 Rf5 38. Rh1 Rf7 39. Qd8+ Kg7 40. Qh4 1-0

[Event "Gatineau Fischer mem."]
[Site "Gatineau CAN"]
[Date "2009.02.03"]
[Round "3"]
[White "Levesque, Andre"]
[Black "Berthiaume, Serge"]
[Result "1-0"]
[WhiteElo "1257"]
[BlackElo "1356"]
[PlyCount "77"]
[GameId "2160767910273250"]
[EventDate "2009.01.20"]
[EventType "swiss"]
[EventRounds "6"]
[EventCountry "CAN"]
[SourceTitle "EXT 2011"]
[Source "ChessBase"]
[SourceDate "2011.11.26"]
[SourceVersion "1"]
[SourceVersionDate "2011.11.26"]
[SourceQuality "1"]

1. e4 e5 2. Nf3 Nc6 3. Bb5 Bc5 4. c3 Nf6 5. d4 exd4 6. cxd4 Bb6 7. O-O O-O 8. Nc3 a6 9. Bc4 Na5 10. Bd3 Ba7 11. e5 Ne8 12. Re1 d6 13. Bg5 f6 14. exf6 Nxf6 15. Nd5 Nc6 16. Nxf6+ gxf6 17. Bh4 Nxd4 18. Nxd4 Bxd4 19. Bc4+ d5 20. Qxd4 c6 21. Bb3 Qd6 22. Re3 Be6 23. Rae1 c5 24. Qd3 c4 25. Bxc4 Rad8 26. Bb3 Qb4 27. Rxe6 Qxh4 28. Bxd5 Kh8 29. Qc3 Qg5 30. Bxb7 a5 31. Re7 Rd2 32. Qg3 Qh6 33. Be4 f5 34. Qe5+ Rf6 35. Re8+ Kg7 36. Re7+ Kg6 37. Bxf5+ Rxf5 38. Re6+ Rf6 39. Qxf6+ 1-0

[Event "Gatineau Fischer mem."]
[Site "Gatineau CAN"]
[Date "2009.02.03"]
[Round "3"]
[White "Rainey, Ivan"]
[Black "Jani, Louis"]
[Result "0-1"]
[WhiteElo "1456"]
[BlackElo "1398"]
[PlyCount "36"]
[GameId "2160767910273251"]
[EventDate "2009.01.20"]
[EventType "swiss"]
[EventRounds "6"]
[EventCountry "CAN"]
[SourceTitle "EXT 2011"]
[Source "ChessBase"]
[SourceDate "2011.11.26"]
[SourceVersion "1"]
[SourceVersionDate "2011.11.26"]
[SourceQuality "1"]

1. d4 f5 2. c4 Nf6 3. Nc3 e6 4. Bf4 b6 5. e3 Bb7 6. Be2 Bxg2 7. Bf3 Bxh1 8. Bxh1 c6 9. d5 exd5 10. cxd5 Bb4 11. Bxb8 Bxc3+ 12. bxc3 Rxb8 13. dxc6 O-O 14. Qc2 dxc6 15. Bxc6 Qc7 16. Ba4 Qxh2 17. Kf1 Ne4 18. Bc6 Ng3+ 0-1

[Event "Gatineau Fischer mem."]
[Site "Gatineau CAN"]
[Date "2009.02.03"]
[Round "3"]
[White "Sabourin, Yves"]
[Black "Beland, Guy"]
[Result "1-0"]
[WhiteElo "1395"]
[BlackElo "1307"]
[PlyCount "85"]
[GameId "2160767910273252"]
[EventDate "2009.01.20"]
[EventType "swiss"]
[EventRounds "6"]
[EventCountry "CAN"]
[SourceTitle "EXT 2011"]
[Source "ChessBase"]
[SourceDate "2011.11.26"]
[SourceVersion "1"]
[SourceVersionDate "2011.11.26"]
[SourceQuality "1"]

1. d4 Nf6 2. c4 g6 3. Nc3 Bg7 4. e4 d6 5. Nf3 O-O 6. Be2 c5 7. dxc5 Nc6 8. cxd6 exd6 9. Bf4 Re8 10. e5 Nh5 11. Bg5 Qa5 12. O-O dxe5 13. Ne4 Bg4 14. h3 Bxf3 15. Bxf3 Nd4 16. Bxh5 gxh5 17. Qxh5 Re6 18. a3 Qb6 19. b4 Qc6 20. Nc5 Rg6 21. f3 Ne2+ 22. Kh2 e4 23. Rae1 exf3 24. Qxf3 Qd6+ 25. Bf4 Nxf4 26. Qxf4 Rd8 27. Qxd6 Rdxd6 28. Rd1 Be5+ 29. Kh1 b6 30. Ne4 Rd4 31. Rxd4 Bxd4 32. Rd1 Be5 33. a4 Bc7 34. Rd7 Re6 35. Rxc7 Rxe4 36. Kg1 Kg7 37. Kf2 a6 38. Kf3 Re6 39. c5 bxc5 40. Rxc5 Rb6 41. b5 a5 42. Rc6 Rb8 43. Ra6 1-0

[Event "Gatineau Fischer mem."]
[Site "Gatineau CAN"]
[Date "2009.02.03"]
[Round "3"]
[White "Scantland, Patrick"]
[Black "Arsenault, Yves"]
[Result "1-0"]
[WhiteElo "1715"]
[BlackElo "1402"]
[PlyCount "65"]
[GameId "2160767910273253"]
[EventDate "2009.01.20"]
[EventType "swiss"]
[EventRounds "6"]
[EventCountry "CAN"]
[SourceTitle "EXT 2011"]
[Source "ChessBase"]
[SourceDate "2011.11.26"]
[SourceVersion "1"]
[SourceVersionDate "2011.11.26"]
[SourceQuality "1"]

1. e4 e5 2. Nf3 Nc6 3. Bb5 a6 4. Ba4 Nf6 5. O-O Bc5 6. d3 d6 7. c3 b5 8. Bc2 Bg4 9. Nbd2 O-O 10. Re1 Re8 11. Nf1 Bh5 12. Bg5 h6 13. Bh4 a5 14. Ne3 a4 15. Qd2 Bxf3 16. gxf3 g5 17. Nf5 Nh7 18. Nxh6+ Kf8 19. Nf5 Re6 20. Bg3 Qf6 21. a3 Rd8 22. Qe2 Qg6 23. Rad1 Na7 24. d4 exd4 25. cxd4 Bb6 26. e5 Qg8 27. Qf1 dxe5 28. dxe5 Rxd1 29. Rxd1 c6 30. Qd3 Nc8 31. Qd7 Na7 32. Qb7 c5 33. Qxb6 1-0